[Event "Bratsk-ch"]
[Site "Bratsk"]
[Date "2018.03.28"]
[Round "6"]
[White "Podsevny, Alexander"]
[Black "Mashaev, Tayanych"]
[Result "1-0"]
[WhiteElo "2019"]
[BlackElo "2073"]
[PlyCount "43"]
[EventDate "2018.03.24"]
[EventType "tourn"]
[EventRounds "13"]
[EventCountry "RUS"]
[SourceTitle "EXT 2019"]
[Source "ChessBase"]
[SourceDate "2018.10.10"]
[SourceVersion "1"]
[SourceVersionDate "2018.10.10"]
[SourceQuality "1"]

1. g3 d5 2. Bg2 Nf6 3. Nf3 e6 4. 0-0 Be7 5. d4 0-0 6. c4 c6 7. Nc3 Nbd7 8. Nd2 b6 9. e4 Bb7 10. Re1 Rc8 11. a3 c5 12. dxc5 Nxc5 13. exd5 exd5 14. cxd5 Nd3 15. d6 Bxd6 16. Bxb7 Rc7 17. Bg2 Nxe1 18. Qxe1 Re8 19. Qf1 Be5 20. Nc4 Bxc3 21. bxc3 Qc8 22. Nd6 1-0

[Event "Bratsk-ch"]
[Site "Bratsk"]
[Date "2018.03.25"]
[Round "3"]
[White "Fevraljov, Alexander"]
[Black "Podsevny, Alexander"]
[Result "0-1"]
[WhiteElo "2073"]
[BlackElo "2019"]
[PlyCount "62"]
[EventDate "2018.03.24"]
[EventType "tourn"]
[EventRounds "13"]
[EventCountry "RUS"]
[SourceTitle "EXT 2019"]
[Source "ChessBase"]
[SourceDate "2018.10.10"]
[SourceVersion "1"]
[SourceVersionDate "2018.10.10"]
[SourceQuality "1"]

1. c4 e5 2. Nc3 Nf6 3. Nf3 Nc6 4. d3 Bb4 5. Bd2 0-0 6. g3 d5 7. cxd5 Nxd5 8. Bg2 Nxc3 9. bxc3 Bd6 10. 0-0 f5 11. Qb3+ Kh8 12. Ng5 Qe7 13. Rab1 h6 14. Nh3 f4 15. d4 exd4 16. Nxf4 Bxf4 17. Bxf4 Qxe2 18. cxd4 Qh5 19. d5 Nd4 20. Qb4 Ne2+ 21. Kh1 Rxf4 22. gxf4 Bh3 23. Qb3 Bxg2+ 24. Kxg2 Qg4+ 25. Kh1 Rf8 26. Qe3 Rxf4 27. f3 Ng3+ 28. Kg1 Nxf1+ 29. fxg4 Nxe3 30. Rxb7 Ra4 31. Rxc7 Nxd5 0-1

[Event "Bratsk Region-ch sf"]
[Site "Bratsk"]
[Date "2015.04.30"]
[Round "6"]
[White "Podsevny, Alexander"]
[Black "Sevryuk, Sergey"]
[Result "1-0"]
[WhiteElo "2010"]
[BlackElo "2110"]
[PlyCount "53"]
[EventDate "2015.04.25"]
[EventType "swiss"]
[EventRounds "9"]
[EventCountry "RUS"]
[SourceTitle "CBM 166 Extra"]
[Source "ChessBase"]
[SourceDate "2015.06.18"]
[SourceVersion "1"]
[SourceVersionDate "2015.06.18"]
[SourceQuality "1"]

1. Nf3 f5 2. d4 Nf6 3. c4 e6 4. Nc3 d6 5. g3 Be7 6. Bg2 0-0 7. 0-0 c6 8. Rb1 a5 9. Qa4 Nbd7 10. Qc2 Qe8 11. d5 e5 12. dxc6 bxc6 13. Qxf5 Nc5 14. Qc2 Qh5 15. Bg5 Bh3 16. Bxf6 Rxf6 17. Ne4 Rh6 18. Nxc5 Bxg2 19. Kxg2 Qh3+ 20. Kh1 Rf8 21. Rg1 Rxf3 22. Rg2 Rf8 23. Nb7 Ra8 24. Qa4 Qf5 25. Rd1 d5 26. Nxa5 e4 27. Nxc6 1-0

[Event "Irkutsk Veda op"]
[Site "Irkutsk"]
[Date "2010.08.22"]
[Round "8"]
[White "Demikhov, Maxim"]
[Black "Podsevny, Alexander"]
[Result "1/2-1/2"]
[WhiteElo "1947"]
[BlackElo "2021"]
[PlyCount "98"]
[EventDate "2010.08.15"]
[EventType "swiss"]
[EventRounds "9"]
[EventCountry "RUS"]
[SourceTitle "CBM 138 Extra"]
[Source "ChessBase"]
[SourceDate "2010.10.29"]
[SourceVersion "1"]
[SourceVersionDate "2010.10.29"]
[SourceQuality "1"]

1. Nf3 Nf6 2. g3 e6 3. Bg2 d5 4. 0-0 c5 5. d3 Nc6 6. Nbd2 Be7 7. e4 dxe4 8. dxe4 e5 9. h3 0-0 10. c3 Qc7 11. Re1 Rd8 12. Qc2 b6 13. Bf1 a6 14. Nc4 b5 15. Ne3 Bf8 16. a4 b4 17. Nc4 Be6 18. Bg5 h6 19. Bxf6 gxf6 20. Ne3 Qb7 21. Nd5 Bxd5 22. exd5 Rxd5 23. Bg2 Qd7 24. Nh4 Rd2 25. Qe4 Rc8 26. Nf5 Ne7 27. Qg4+ Kh8 28. Be4 Rd8 29. Qh5 Nxf5 30. Bxf5 Qd5 31. Be4 Qd7 32. Rac1 Bg7 33. Bf5 Qa7 34. cxb4 cxb4 35. Qf3 Qd4 36. b3 Kg8 37. Kg2 Qd5 38. Be4 Qd7 39. Rc4 Rd4 40. Rec1 Rxc4 41. Rxc4 a5 42. Rc5 Qa7 43. Rb5 Rb8 44. Rd5 Kf8 45. Qf5 Ke7 46. f4 Rd8 47. fxe5 Rxd5 48. exf6+ Bxf6 49. Qxd5 Qd4 1/2-1/2

[Event "Sibiria Region-ch"]
[Site "Irkutsk"]
[Date "2009.05.10"]
[Round "1"]
[White "Podsevny, Alexander"]
[Black "Pushkarev, Dmitry"]
[Result "0-1"]
[WhiteElo "2086"]
[BlackElo "2424"]
[PlyCount "56"]
[EventDate "2009.05.10"]
[EventType "swiss"]
[EventRounds "9"]
[EventCountry "RUS"]
[SourceTitle "CBM 130 Extra"]
[Source "ChessBase"]
[SourceDate "2009.07.02"]
[SourceVersion "2"]
[SourceVersionDate "2009.07.15"]
[SourceQuality "1"]

1. g3 g6 2. Bg2 Bg7 3. c4 Nf6 4. Nc3 0-0 5. Nf3 d5 6. d4 dxc4 7. Ne5 c5 8. d5 Nxd5 9. Nxf7 Rxf7 10. 0-0 e6 11. e4 Nc6 12. exd5 Nd4 13. Be3 Qb6 14. Na4 Qd6 15. Nc3 exd5 16. Nxd5 Bd7 17. Bf4 Be5 18. Bxe5 Qxe5 19. Re1 Qd6 20. Ne3 Be6 21. Rc1 Raf8 22. Nxc4 Bxc4 23. Rxc4 Rxf2 24. b4 Rxg2+ 25. Kxg2 Qd5+ 26. Kh3 Qxc4 27. bxc5 Qxc5 28. Re4 Qf5+ 0-1

[Event "Irkutsk Region-ch final"]
[Site "Irkutsk"]
[Date "2008.11.03"]
[Round "10"]
[White "Podsevny, Alexander"]
[Black "Shelk, Alexander"]
[Result "0-1"]
[WhiteElo "2108"]
[BlackElo "2362"]
[PlyCount "72"]
[EventDate "2008.10.25"]
[EventType "tourn"]
[EventRounds "13"]
[EventCountry "RUS"]
[SourceTitle "EXT 2022"]
[Source "ChessBase"]
[SourceDate "2021.10.06"]
[SourceVersion "1"]
[SourceVersionDate "2021.10.06"]
[SourceQuality "1"]

1. c4 e5 2. Nc3 Nf6 3. g3 Nc6 4. Bg2 Bb4 5. Nf3 0-0 6. Nd5 Bc5 7. b4 Nxb4 8. Nxb4 e4 9. Rb1 exf3 10. Bxf3 c6 11. Nd3 Be7 12. Nf4 Re8 13. Qa4 a6 14. Qb3 b5 15. Bb2 Bf8 16. g4 Ne4 17. h4 Qa5 18. Qc2 Nxd2 19. Kd1 Nxc4 20. Bc3 Qc7 21. Nh5 Qd6+ 22. Ke1 Na3 23. Qf5 Nxb1 24. Qxb1 Qa3 25. Kd2 Qd6+ 26. Ke1 b4 27. Bb2 b3 28. a3 Qg6 29. Qa1 d5 30. g5 c5 31. Rg1 d4 32. Rg3 Bd6 33. Nxg7 Kxg7 34. Bxa8 Bxg3 35. fxg3 Qd3 36. e4 Bg4 0-1

[Event "Irkutsk Region-ch final"]
[Site "Irkutsk"]
[Date "2008.11.01"]
[Round "8"]
[White "Podsevny, Alexander"]
[Black "Bobarykin, Dmitry"]
[Result "0-1"]
[WhiteElo "2108"]
[BlackElo "2258"]
[PlyCount "96"]
[EventDate "2008.10.25"]
[EventType "tourn"]
[EventRounds "13"]
[EventCountry "RUS"]
[SourceTitle "EXT 2022"]
[Source "ChessBase"]
[SourceDate "2021.10.06"]
[SourceVersion "1"]
[SourceVersionDate "2021.10.06"]
[SourceQuality "1"]

1. g3 Nf6 2. Bg2 g6 3. c4 Bg7 4. Nc3 0-0 5. Nf3 d6 6. 0-0 e5 7. d4 Nc6 8. Bg5 h6 9. dxe5 hxg5 10. exf6 Bxf6 11. Qd2 g4 12. Ne1 Bg5 13. Qd5 Be6 14. Qb5 Nd4 15. Qxb7 Rb8 16. Qxa7 Qf6 17. Rd1 c5 18. Rxd4 Qxd4 19. Ne4 Bh6 20. b3 Bf5 21. Qe7 Bxe4 22. Qxe4 Qxe4 23. Bxe4 Rfe8 24. f3 Kg7 25. Kf2 Re7 26. Ng2 gxf3 27. Kxf3 Ra7 28. Bb1 Re7 29. Rd1 Re6 30. Nf4 Bxf4 31. gxf4 Rh8 32. Rh1 f5 33. h4 Kf6 34. a4 Ke7 35. Bd3 Kd7 36. h5 Kc7 37. h6 Kb6 38. e4 Rf6 39. exf5 gxf5 40. h7 Rf7 41. Rh5 Rhxh7 42. Rxh7 Rxh7 43. Bxf5 Rh2 44. Bd7 Kc7 45. Bb5 Rh3+ 46. Ke4 Rxb3 47. f5 Rb1 48. Kd5 Re1 0-1

[Event "Irkutsk Region-ch final"]
[Site "Irkutsk"]
[Date "2008.10.27"]
[Round "3"]
[White "Podsevny, Alexander"]
[Black "Kuzmin, Ilya"]
[Result "0-1"]
[WhiteElo "2108"]
[BlackElo "2202"]
[PlyCount "76"]
[EventDate "2008.10.25"]
[EventType "tourn"]
[EventRounds "13"]
[EventCountry "RUS"]
[SourceTitle "EXT 2022"]
[Source "ChessBase"]
[SourceDate "2021.10.06"]
[SourceVersion "1"]
[SourceVersionDate "2021.10.06"]
[SourceQuality "1"]

1. c4 e6 2. Nc3 b6 3. Nf3 Bb7 4. g3 Nf6 5. Bg2 Bb4 6. 0-0 0-0 7. Qb3 Qe7 8. d4 Bxc3 9. bxc3 Nc6 10. Ba3 d6 11. c5 Na5 12. Qb5 dxc5 13. dxc5 Bc6 14. Qa6 Ne4 15. Nd4 Bb7 16. c6 Bxa6 17. Bxe7 Rfe8 18. Bxe4 Rxe7 19. Rfd1 g6 20. a4 Bc4 21. Kf1 a6 22. Nc2 f5 23. Bf3 Kf7 24. Nb4 Nb3 25. Ra3 a5 26. Nc2 Nc5 27. Rd4 Bb3 28. Na1 e5 29. Rh4 Be6 30. Rxh7+ Kf6 31. Rxe7 Kxe7 32. e3 Rd8 33. Be2 Rd2 34. h4 Bd5 35. f4 Rb2 36. fxe5 Rb1+ 37. Kf2 Ne4+ 38. Kf3 Ng5+ 0-1